Separated Holidays (Purim) Quiz Stats

 Plays Quiz not verified by Sporcle

Support Sporcle.
Go Orange.
Score 0/25 Timer 05:00
0 Plays Today
% Correct
Hebrew
80.8%
syna
69.5%
Achaemenid
65.2%
Ju
60.8%
Pu
55.7%
mitz
53%
car
52.5%
Mor
51.1%
Per
47.9%
Es
46.2%
Shushan
45.6%
alco
44.9%
cos
43.4%
% Correct
chari
39.3%
Ha
37.9%
ma
36.7%
krep
31.8%
haman
29.8%
parti
29.8%
megi
26.4%
Ahas
25.1%
para
24.3%
gra
24.3%
mishloach
22.6%
Adlo
14.8%

You're not logged in!

Compare scores with friends on all Sporcle quizzes.
OR
Log In

From the Vault

Simple Math Minefield

by slipkid

It becomes less simple the more the clock runs out.
Remove Ads.
Support Sporcle.
Get the best of Sporcle when you Go Orange. This ad-free experience offers more features, more stats, and more fun while also helping to support Sporcle. Thank you for becoming a member.

Show Comments

Extras

Top Quizzes Today


Score Distribution

Your Account Isn't Verified!

In order to create a playlist on Sporcle, you need to verify the email address you used during registration. Go to your Sporcle Settings to finish the process.

Report this User

Report this user for behavior that violates our Community Guidelines.

Details: